000 00587nai a2200181Ia 4500
003 IN-BaIIA
008 211028c9999 xx s 000 0 eng d
022 _a0267-8179 (Print)
022 _a1099-1417 (Online)
040 _cIIA Library
245 0 _aJournal Of Quaternary Science
_h[eJournal]
260 _aNew Jersey
_bJohn Wiley & Sons
310 _a8/year
362 _a11(1); 1996 - Present
521 _bSubscribed through National Knowledge Resource Consortium (NKRC)
856 _uhttps://onlinelibrary.wiley.com/journal/10991417
_yClick Here to Access eJournal
942 _cEJ
999 _c35200
_d35200